8-Letter Geography Challenge Quiz Stats

Quiz Updated Jan 4, 2017

Challenge
Share
Tweet
Embed
Score 0/77 Timer 11:00
34 Plays Today
% Correct
Arkansas
78.9%
Michigan
78.8%
Colorado
78.7%
Delaware
76.6%
Illinois
75.9%
Kentucky
75.6%
Missouri
75.5%
Colombia
74.4%
Maryland
74.4%
Nebraska
74.3%
Virginia
74%
Oklahoma
71.9%
Portugal
70.6%
Paraguay
70.2%
Thailand
68.5%
Slovakia
67%
Slovenia
66.9%
Honduras
65.9%
Ethiopia
65.9%
Cambodia
65.7%
Bulgaria
65.5%
Pakistan
65.1%
Zimbabwe
63%
Cameroon
62.9%
Suriname
62.7%
Tanzania
62%
Djibouti
62%
Djibouti
62%
Mongolia
61.4%
Columbus
61.4%
Malaysia
60.9%
Botswana
60.8%
Columbia
60.7%
Dominica
58.8%
Barbados
58.4%
Canberra
58%
Helsinki
58%
Brasília
57.8%
Kiribati
57.4%
% Correct
Bismarck
56.3%
Budapest
55.3%
Honolulu
55.3%
Sri Lanka
54.5%
Brussels
54.4%
Richmond
54.2%
Maldives
53%
Cheyenne
52.7%
Hartford
52.1%
Pretoria/Cape Town
51.9%
Santiago
51.4%
Kingston
49.5%
New Delhi
48.7%
Asunción
48%
Belgrade
47.8%
Belmopan
47.6%
Freetown
47.1%
Tashkent
46.7%
Chisinau
46.2%
Khartoum
45.8%
Windhoek
45.6%
Damascus
45.4%
Abu Dhabi
45.3%
Kinshasa
45.1%
Funafuti
45.1%
Ashgabat
44.8%
Pristina
44.4%
Sarajevo
44.4%
Dushanbe
44.3%
Valletta
43.8%
Gaborone
43.6%
Monrovia
42.8%
Victoria
42%
Castries
40.8%
Lilongwe
40.1%
Port Vila
38.9%
Ramallah
38.8%
N'Djamena
34.3%

You're not logged in!

Compare scores with friends on all Sporcle quizzes.
Join for Free
OR
Log In

You Might Also Like...

Show Comments

Extras

Top Quizzes Today


Score Distribution

Your Account Isn't Verified!

In order to create a playlist on Sporcle, you need to verify the email address you used during registration. Go to your Sporcle Settings to finish the process.

Report this User

Report this user for behavior that violates our Community Guidelines.

Details: